000 00636pam a2200205 4500
001 2768
005 20181127165754.0
008 780412s1978 nyuaf 000 0ceng
010 _a 77011807
020 _a0060913983
043 _an-us---
100 1 _aMurray, Pauli,
_d1910-1985.
245 1 0 _aProud shoes :
_bthe story of an American family /
_cby Pauli Murray.
260 _aNew York :
_bHarper & Row,
_cc1978.
300 _axvii, 280 p. :
_bill. ;
_c22 cm.
600 1 0 _aMurray, Pauli,
_d1910-1985.
600 3 0 _aFitzgerald family.
650 0 _aAfrican Americans
_vBiography.
650 0 _aAfrican Americans
_xSocial life and customs.
999 _c2221
_d2221